| 000 -LEADER |
| fixed length control field |
01330cam a22002534a 4500 |
| 003 - CONTROL NUMBER IDENTIFIER |
| control field |
OSt |
| 005 - DATE AND TIME OF LATEST TRANSACTION |
| control field |
20200317110153.0 |
| 008 - FIXED-LENGTH DATA ELEMENTS--GENERAL INFORMATION |
| fixed length control field |
060322s2006 dcuab b 001 0 eng |
| 010 ## - LIBRARY OF CONGRESS CONTROL NUMBER |
| LC control number |
2006009618 |
| 020 ## - INTERNATIONAL STANDARD BOOK NUMBER |
| International Standard Book Number |
9781559638913 (pbk. : alk. paper) |
| 082 00 - DEWEY DECIMAL CLASSIFICATION NUMBER |
| Classification number |
307.12 |
| Edition number |
22 |
| Item number |
ERI |
| 100 1# - MAIN ENTRY--PERSONAL NAME |
| Personal name |
Erickson, Donna L. |
| 245 10 - TITLE STATEMENT |
| Title |
MetroGreen : |
| Remainder of title |
connecting open space in North American cities / |
| Statement of responsibility, etc |
Donna L. Erickson. |
| 260 ## - PUBLICATION, DISTRIBUTION, ETC. (IMPRINT) |
| Place of publication, distribution, etc |
Washington : |
| Name of publisher, distributor, etc |
Island Press, |
| Date of publication, distribution, etc |
c2006. |
| 300 ## - PHYSICAL DESCRIPTION |
| Extent |
xiv, 333 p. : |
| Other physical details |
ill., maps ; |
| Dimensions |
27 cm. |
| 504 ## - BIBLIOGRAPHY, ETC. NOTE |
| Bibliography, etc |
Includes bibliographical references (p. 295-303) and index. |
| 505 0# - FORMATTED CONTENTS NOTE |
| Formatted contents note |
Connected open space : the metropolitan scale -- Learning from city stories : ten case study comparisons -- Ecology - home : Toronto and Chicago -- Recreation - well-being : Milwaukee and Ottawa -- Transportation - movement : Calgary and Denver -- Community - neighborhood : Vancouver and Portland -- Green infrastructure - hardworking city systems : Cleveland and Minneapolis-St. Paul -- Lessons for realizing connected open-space networks in North American cities. |
| 650 #0 - SUBJECT ADDED ENTRY--TOPICAL TERM |
| Topical term or geographic name as entry element |
Open spaces |
| Geographic subdivision |
North America. |
| 650 #0 - SUBJECT ADDED ENTRY--TOPICAL TERM |
| Topical term or geographic name as entry element |
City planning |
| Geographic subdivision |
North America. |
| 650 #0 - SUBJECT ADDED ENTRY--TOPICAL TERM |
| Topical term or geographic name as entry element |
Regional planning |
| Geographic subdivision |
North America. |
| 650 #0 - SUBJECT ADDED ENTRY--TOPICAL TERM |
| Topical term or geographic name as entry element |
Metropolitan areas |
| Geographic subdivision |
North America |
| Form subdivision |
Case studies. |
| 650 #0 - SUBJECT ADDED ENTRY--TOPICAL TERM |
| Topical term or geographic name as entry element |
Human ecology |
| Geographic subdivision |
North America. |
| 942 ## - ADDED ENTRY ELEMENTS (KOHA) |
| Source of classification or shelving scheme |
|